Engineering electromagnetics (Record no. 14309)

000 -LEADER
fixed length control field 00469nam a22001811 4500
001 - CONTROL NUMBER
control field 14309
003 - CONTROL NUMBER IDENTIFIER
control field BD-DhUET
008 - FIXED-LENGTH DATA ELEMENTS--GENERAL INFORMATION
fixed length control field 770802s1958 nyua 000 0 eng
040 ## - CATALOGING SOURCE
Original cataloging agency DLC
Transcribing agency OC
Modifying agency BD-DhUET
082 ## - DEWEY DECIMAL CLASSIFICATION NUMBER
Classification number 537.12
Item number HAY/1981
100 ## - MAIN ENTRY--PERSONAL NAME
Personal name Hayt, William H.
245 10 - TITLE STATEMENT
Title Engineering electromagnetics
250 ## - EDITION STATEMENT
Edition statement 1st ed.
260 ## - PUBLICATION, DISTRIBUTION, ETC. (IMPRINT)
Place of publication, distribution, etc. New York
Name of publisher, distributor, etc. McGraw-Hill Book
Date of publication, distribution, etc. 1958
300 ## - PHYSICAL DESCRIPTION
Extent xiii, 328 p.
Other physical details illus.
Dimensions 24 cm.
650 #0 - SUBJECT ADDED ENTRY--TOPICAL TERM
Topical term or geographic name as entry element Electromagnetic theory
942 ## - ADDED ENTRY ELEMENTS (KOHA)
Koha item type General Book
Holdings
Not for loan Damaged status Price effective from Location (home branch) Piece designation (barcode) Koha item type Source of classification or shelving scheme Withdrawn status Koha normalized classification for sorting Sublocation or collection (holding branch) Copy number Date acquired Lost status Koha full call number Shelving location Koha date last seen
  2015-03-07Central Library, BUET37281General Book  538_300000000000000_HAY_1958Central Library, BUET12015-03-07 538.3/HAY/1958Circulation section2015-03-07
  2015-03-07Central Library, BUET13592General Book  538_300000000000000_HAY_1958Central Library, BUET22015-03-07 538.3/HAY/1958Circulation section2015-03-07
  2015-03-07Central Library, BUET11521General Book  538_300000000000000_HAY_1958Central Library, BUET32015-03-07 538.3/HAY/1958Circulation section2015-03-07
  2015-03-18Central Library, BUET55380General Book  537_120000000000000_HAY_1981Central Library, BUET42015-03-18 537.12/HAY/1981Circulation section2015-03-18